000 01073cab a2200217 4500
001 L135801
008 061212n2006 000 0 eng u
035 _a(Sirsi) u135801
041 0 _aeng
100 1 _aRobson, Claire
245 0 0 _aFocus West Midlands update
260 _c2006
490 0 _aEstates Gazette
_v(0648) 02 December 2006, 109-127 (10)
520 _aLooks at the continued interest of developers in retail developments in the Birmingham area despite tough trading conditions; examines the various office projects planned for Birmingham city centre between now and 2009; reports on the importance placed on infrastructure development by delegates at a Future Opportunities Conference in Birmingham; and reports on the soaring land values in the region impacted on by a shortage of development sites. Table and graphs.
651 4 _aWEST MIDLANDS
690 _aPROPERTY-COMMERCIAL PROPERTY-RETAIL PROPERTY
690 _aPROPERTY-COMMERCIAL PROPERTY-COMMERCIAL PROPERTY MARKET
700 1 _aPilkington, Lisa
700 1 _aHalstead, Ian
942 _n0
999 _c77999
_d77999